Statistics for General Knowledge by letter B

Click here to take the quiz!

General Stats

  • This quiz has been taken 603 times
  • The average score is 9 of 16

Answer Stats

HintAnswer% Correct
Where Jesus was bornBethlehem
88%
First African American US PresidentBarack Obama
86%
City which hosted 2008 OlympicsBeijing
74%
Series of 1's and 0's in computingBinary
66%
Microsofts search engine luanched in 2009Bing
66%
Float like a _________, sting like a beeButterfly
66%
Most popular cosmetic procedure performed todayBotox
65%
German word that means "lightning war"Blitzkrieg
59%
Acted Batman in The dark night risesChristian Bale
58%
Estonia,Lithuania,LatviaBaltic States
56%
Became the youngest winner of the men's singles title at Wimbledon in 1985Boris Becker
45%
What type of dog is GromitBeagle
40%
Fastest road carBugatti veyron
39%
First ever animated film to be nominated for the Best Picture OscarBeauty and the Beast
36%
Made foundational contributions to understanding atomic structure and quantum theoryNiels Bohr
16%
Smallest type of birdBee Hummingbird
15%

Score Distribution

Percentile by Number Answered

Percent of People with Each Score

Your Score History

You have not taken this quiz